<?xml version="1.0" encoding="UTF-8"?>
<record
    xmlns:xsi="http://www.w3.org/2001/XMLSchema-instance"
    xsi:schemaLocation="http://www.loc.gov/MARC21/slim http://www.loc.gov/standards/marcxml/schema/MARC21slim.xsd"
    xmlns="http://www.loc.gov/MARC21/slim">

  <leader>00662nam a2200181   4500</leader>
  <controlfield tag="008">210108b           ||||| |||| 00| 0 eng d</controlfield>
  <datafield tag="040" ind1=" " ind2=" ">
    <subfield code="a">DE-2950</subfield>
    <subfield code="b">ger</subfield>
    <subfield code="c">DE-2950</subfield>
    <subfield code="e">rda</subfield>
  </datafield>
  <datafield tag="041" ind1=" " ind2=" ">
    <subfield code="a">ger</subfield>
  </datafield>
  <datafield tag="245" ind1=" " ind2=" ">
    <subfield code="a">In Planung - Das neue Wohnquartier "Am Graben" /</subfield>
    <subfield code="c">Ludwig Patzelt</subfield>
  </datafield>
  <datafield tag="264" ind1=" " ind2=" ">
    <subfield code="c">2024</subfield>
  </datafield>
  <datafield tag="653" ind1=" " ind2=" ">
    <subfield code="a">Frankfurt (Oder)</subfield>
  </datafield>
  <datafield tag="653" ind1=" " ind2=" ">
    <subfield code="a">Wohnugsbau</subfield>
  </datafield>
  <datafield tag="773" ind1=" " ind2=" ">
    <subfield code="d">Frankfurt (Oder): Stadt Frankfurt (Oder) und B&#xFC;ro f&#xFC;r Stadtplanung, -forschung und -erneuerung</subfield>
    <subfield code="g">(2024), Nr. 33, Dezember, S. 18</subfield>
    <subfield code="t">Zentrum: Zeitschrift f&#xFC;r das Sanierungsgebiet ehemalige Altstadt Frankfurt (Oder)</subfield>
  </datafield>
  <datafield tag="942" ind1=" " ind2=" ">
    <subfield code="c">A</subfield>
  </datafield>
  <datafield tag="999" ind1=" " ind2=" ">
    <subfield code="c">373720</subfield>
    <subfield code="d">373720</subfield>
  </datafield>
  <datafield tag="952" ind1=" " ind2=" ">
    <subfield code="0">0</subfield>
    <subfield code="1">0</subfield>
    <subfield code="4">0</subfield>
    <subfield code="7">0</subfield>
    <subfield code="9">372214</subfield>
    <subfield code="a">StAFF</subfield>
    <subfield code="b">StAFF</subfield>
    <subfield code="c">READ</subfield>
    <subfield code="d">2025-04-17</subfield>
    <subfield code="l">0</subfield>
    <subfield code="o">Z 11</subfield>
    <subfield code="r">2025-04-17 00:00:00</subfield>
    <subfield code="w">2025-04-17</subfield>
    <subfield code="y">A</subfield>
  </datafield>
</record>
